<?xml version="1.0" encoding="UTF-8"?>
<record
    xmlns:xsi="http://www.w3.org/2001/XMLSchema-instance"
    xsi:schemaLocation="http://www.loc.gov/MARC21/slim http://www.loc.gov/standards/marcxml/schema/MARC21slim.xsd"
    xmlns="http://www.loc.gov/MARC21/slim">

  <leader>06339cam a2200433 a 4500</leader>
  <controlfield tag="001">12785362</controlfield>
  <controlfield tag="005">20060726191008.0</controlfield>
  <controlfield tag="008">020522s2003    njua     b    001 0 eng  </controlfield>
  <datafield tag="010" ind1=" " ind2=" ">
    <subfield code="a">  2002024594</subfield>
  </datafield>
  <datafield tag="020" ind1=" " ind2=" ">
    <subfield code="a">0805839658 (alk. paper)</subfield>
  </datafield>
  <datafield tag="020" ind1=" " ind2=" ">
    <subfield code="a">0805839666 (alk. paper)</subfield>
  </datafield>
  <datafield tag="040" ind1=" " ind2=" ">
    <subfield code="a">DLC</subfield>
    <subfield code="c">DLC</subfield>
    <subfield code="d">DLC</subfield>
  </datafield>
  <datafield tag="050" ind1="0" ind2="0">
    <subfield code="a">BF441</subfield>
    <subfield code="b">.H25 2003</subfield>
  </datafield>
  <datafield tag="082" ind1="0" ind2="0">
    <subfield code="a">153</subfield>
    <subfield code="2">21</subfield>
    <subfield code="b">HAL</subfield>
  </datafield>
  <datafield tag="100" ind1="1" ind2=" ">
    <subfield code="a">Halpern, Diane F.</subfield>
    <subfield code="9">4563</subfield>
  </datafield>
  <datafield tag="245" ind1="1" ind2="0">
    <subfield code="a">Thought &amp; knowledge :</subfield>
    <subfield code="b">An introduction to critical thinking /</subfield>
    <subfield code="c">Diane F. Halpern.</subfield>
  </datafield>
  <datafield tag="246" ind1="3" ind2=" ">
    <subfield code="a">Thought and knowledge</subfield>
  </datafield>
  <datafield tag="250" ind1=" " ind2=" ">
    <subfield code="a">4th ed.</subfield>
  </datafield>
  <datafield tag="260" ind1=" " ind2=" ">
    <subfield code="a">Mahwah, N.J. :</subfield>
    <subfield code="b">Lawrence Erlbaum Associates, Publishers,</subfield>
    <subfield code="c">c2003.</subfield>
  </datafield>
  <datafield tag="300" ind1=" " ind2=" ">
    <subfield code="a">xii, 467 p. :</subfield>
    <subfield code="b">ill. ;</subfield>
    <subfield code="c">26 cm.</subfield>
  </datafield>
  <datafield tag="504" ind1=" " ind2=" ">
    <subfield code="a">Includes bibliographical references and indexes.</subfield>
  </datafield>
  <datafield tag="505" ind1="8" ind2=" ">
    <subfield code="a">Machine generated contents note: 1 Thinking: An Introduction 1 -- The Need for Critical Thinking Skills 2 -- Empirical Evidence That Thinking Can Be Improved 10 -- Learning to Think Critically: A Four Part Model 14 -- Intelligence and Thinking Skills 21 -- Learning to Be Intelligent 25 -- Becoming A Better Thinker: The Quick and Easy Way 26 -- Thinking about Thinking 27 -- Critical Thinking: Hollywood Style 32 -- A Framework for Thinking 34 -- Chapter Summary 37 -- Terms to Know 38 -- 2 Memory: The Acquisition, Retention, -- and Retrieval of Knowledge 39 -- Memory As the Mediator of Cognitive Processes 40 -- Acquisition 49 -- Retention 59 -- Retrieval 63 -- Working Memory 66 -- Metamemory 69 -- Mnemonics 71 -- Biases in Memory 79 -- Long-Term Accuracy Is Sometimes Excellent 80 -- Applying the Framework 81 -- Chapter Summary 83 -- Terms to Know 84 -- 3 The Relationship Between Thought and Language 87 -- Thought and Language 88 -- Words and Their Meanings 100 -- Language: Tool or Master of Thought? 106 -- Comprehension: The Reason for Language 118 -- Applying the Framework 132 -- Chapter Summary 134 -- Terms to Know 134 -- 4 Reasoning: Drawing Deductively Valid Conclusions 137 -- Logical and Psychological 138 -- Linear Ordering 141 -- If, Then Statements 146 -- Combinatorial Reasoning 155 -- Syllogistic Reasoning 156 -- Probabilistic Reasoning 173 -- Reasoning in Everyday Contexts 174 -- Reasoning Gone Wrong 176 -- Applying the Framework 177 -- Chapter Summary 178 -- Terms to Know 179 -- 5 Analyzing Arguments 182 -- The Anatomy of an Argument 183 -- Diagramming the Structure of an Argument 189 -- Actively Open-Minded Thinking 193 -- Evaluating the Strength of an Argument 195 -- How to Analyze an Argument 204 -- A Template for Writing Sound Arguments 205 -- Persuasion and Propaganda 207 -- Explaining as Knowing 209 -- Applying the Framework 226 -- Chapter Summary 227 -- Terms to Know 228 -- 6 Thinking as Hypothesis Testing 231 -- Understanding Hypothesis Testing 232 -- Inductive and Deductive Methods 233 -- Populations and Samples 236 -- Science versus Science Fiction 241 -- Determining Cause 243 -- Thinking About Errors 253 -- Self-Fulfilling Prophecies 254 -- Occult Beliefs and the Paranormal 256 -- Thinking as an Intuitive Scientist 257 -- Applying the Framework 259 -- Chapter Summary 260 -- Terms to Know 261 -- 7 Likelihood and Uncertainty: -- Understanding Probabilities 264 -- Probabilistic Nature of the World 265 -- Factors Affecting Judgments about -- Likelihood and Uncertainty 270 -- Using Probability 272 -- Expected Values 282 -- Subjective Probability 285 -- Making Probabilistic Decisions 288 -- Risk 296 -- Statistical Use and Abuse 300 -- Applying the Framework 303 -- Chapter Summary 305 -- Terms to Know 306 -- 8 Decision Making 308 -- Making Sound Decisions 309 -- Pitfalls and Pratfalls in Decision Making 315 -- Evaluating Consequences 327 -- Elimination by Aspects 330 -- Preparing A Worksheet 331 -- Postdecision Commitment and Evaluation 339 -- Applying the Framework 343 -- Chapter Summary 345 -- Terms to Know 345 -- 9 Development of Problem-Solving Skills 348 -- What Is A Problem? 349 -- Anatomy of A Problem 350 -- Stages in Problem Solving 352 -- Well-Defined and Ill-Defined Problems 355 -- Problem Planning and Representation 356 -- Problem-Solving Strategies 372 -- Problem-Solving Problems 387 -- Applying the Framework 391 -- Chapter Summary 392 -- Terms to Know 393 -- 10 Creative Thinking 396 -- Defining Creativity 397 -- Creativity as a Cognitive Process 404 -- Encouraging Creativity 412 -- Strategies for Creative Thinking 416 -- Applying the Framework 425 -- Chapter Summary 427 -- Terms to Know 428 -- 11 The Last Word 430.</subfield>
  </datafield>
  <datafield tag="650" ind1=" " ind2="0">
    <subfield code="a">Critical thinking.</subfield>
    <subfield code="9">4564</subfield>
  </datafield>
  <datafield tag="655" ind1=" " ind2=" ">
    <subfield code="9">5115</subfield>
    <subfield code="a">Scientific Thinking- Prep</subfield>
    <subfield code="v">reading book</subfield>
    <subfield code="x">Computer Science</subfield>
    <subfield code="y">Semester 2. 2008/2009</subfield>
  </datafield>
  <datafield tag="856" ind1="4" ind2="1">
    <subfield code="3">Table of contents only</subfield>
    <subfield code="u">http://www.loc.gov/catdir/toc/fy033/2002024594.html</subfield>
  </datafield>
  <datafield tag="856" ind1="4" ind2="2">
    <subfield code="3">Publisher description</subfield>
    <subfield code="u">http://www.loc.gov/catdir/enhancements/fy0634/2002024594-d.html</subfield>
  </datafield>
  <datafield tag="942" ind1=" " ind2=" ">
    <subfield code="2">ddc</subfield>
    <subfield code="c">BB</subfield>
  </datafield>
  <datafield tag="999" ind1=" " ind2=" ">
    <subfield code="c">11490</subfield>
    <subfield code="d">11490</subfield>
  </datafield>
  <datafield tag="952" ind1=" " ind2=" ">
    <subfield code="0">0</subfield>
    <subfield code="1">0</subfield>
    <subfield code="2">ddc</subfield>
    <subfield code="4">0</subfield>
    <subfield code="7">0</subfield>
    <subfield code="8">Baccah</subfield>
    <subfield code="a">MAIN</subfield>
    <subfield code="b">MAIN</subfield>
    <subfield code="c">LOW</subfield>
    <subfield code="d">2009-05-05</subfield>
    <subfield code="e">purchase</subfield>
    <subfield code="g">190.00</subfield>
    <subfield code="l">2</subfield>
    <subfield code="m">5</subfield>
    <subfield code="o">153 HAL</subfield>
    <subfield code="p">000015578</subfield>
    <subfield code="r">2025-07-15 00:00:00</subfield>
    <subfield code="s">2015-08-30</subfield>
    <subfield code="v">237.50</subfield>
    <subfield code="y">BB</subfield>
  </datafield>
  <datafield tag="952" ind1=" " ind2=" ">
    <subfield code="0">0</subfield>
    <subfield code="1">0</subfield>
    <subfield code="2">ddc</subfield>
    <subfield code="4">0</subfield>
    <subfield code="7">0</subfield>
    <subfield code="8">Baccah</subfield>
    <subfield code="a">MAIN</subfield>
    <subfield code="b">MAIN</subfield>
    <subfield code="c">LOW</subfield>
    <subfield code="d">2009-05-05</subfield>
    <subfield code="e">purchase</subfield>
    <subfield code="g">190.00</subfield>
    <subfield code="l">1</subfield>
    <subfield code="m">1</subfield>
    <subfield code="o">153 HAL</subfield>
    <subfield code="p">000015579</subfield>
    <subfield code="q">2021-12-18</subfield>
    <subfield code="r">2009-05-24 00:00:00</subfield>
    <subfield code="s">2009-05-24</subfield>
    <subfield code="v">237.50</subfield>
    <subfield code="y">BB</subfield>
  </datafield>
  <datafield tag="952" ind1=" " ind2=" ">
    <subfield code="0">0</subfield>
    <subfield code="1">0</subfield>
    <subfield code="2">ddc</subfield>
    <subfield code="4">0</subfield>
    <subfield code="7">0</subfield>
    <subfield code="8">Baccah</subfield>
    <subfield code="a">MAIN</subfield>
    <subfield code="b">MAIN</subfield>
    <subfield code="c">LOW</subfield>
    <subfield code="d">2009-05-05</subfield>
    <subfield code="e">purchase</subfield>
    <subfield code="g">190.00</subfield>
    <subfield code="l">3</subfield>
    <subfield code="o">153 HAL</subfield>
    <subfield code="p">000015580</subfield>
    <subfield code="r">2025-07-15 00:00:00</subfield>
    <subfield code="s">2015-03-21</subfield>
    <subfield code="v">237.50</subfield>
    <subfield code="y">BB</subfield>
  </datafield>
  <datafield tag="952" ind1=" " ind2=" ">
    <subfield code="0">0</subfield>
    <subfield code="1">0</subfield>
    <subfield code="2">ddc</subfield>
    <subfield code="4">0</subfield>
    <subfield code="7">0</subfield>
    <subfield code="8">Baccah</subfield>
    <subfield code="a">MAIN</subfield>
    <subfield code="b">MAIN</subfield>
    <subfield code="c">LOW</subfield>
    <subfield code="d">2009-05-05</subfield>
    <subfield code="e">purchase</subfield>
    <subfield code="g">190.00</subfield>
    <subfield code="l">5</subfield>
    <subfield code="m">11</subfield>
    <subfield code="o">153 HAL</subfield>
    <subfield code="p">000015585</subfield>
    <subfield code="r">2025-07-15 00:00:00</subfield>
    <subfield code="s">2020-10-25</subfield>
    <subfield code="v">237.50</subfield>
    <subfield code="y">BB</subfield>
  </datafield>
  <datafield tag="952" ind1=" " ind2=" ">
    <subfield code="0">0</subfield>
    <subfield code="1">0</subfield>
    <subfield code="2">ddc</subfield>
    <subfield code="4">0</subfield>
    <subfield code="7">0</subfield>
    <subfield code="8">Baccah</subfield>
    <subfield code="a">MAIN</subfield>
    <subfield code="b">MAIN</subfield>
    <subfield code="c">LOW</subfield>
    <subfield code="d">2009-05-05</subfield>
    <subfield code="e">purchase</subfield>
    <subfield code="g">190.00</subfield>
    <subfield code="l">5</subfield>
    <subfield code="m">11</subfield>
    <subfield code="o">153 HAL</subfield>
    <subfield code="p">000015581</subfield>
    <subfield code="r">2025-07-15 00:00:00</subfield>
    <subfield code="s">2020-11-11</subfield>
    <subfield code="v">237.50</subfield>
    <subfield code="y">BB</subfield>
  </datafield>
  <datafield tag="952" ind1=" " ind2=" ">
    <subfield code="0">0</subfield>
    <subfield code="1">0</subfield>
    <subfield code="2">ddc</subfield>
    <subfield code="4">0</subfield>
    <subfield code="7">0</subfield>
    <subfield code="8">Baccah</subfield>
    <subfield code="a">MAIN</subfield>
    <subfield code="b">MAIN</subfield>
    <subfield code="c">LOW</subfield>
    <subfield code="d">2009-05-05</subfield>
    <subfield code="e">purchase</subfield>
    <subfield code="g">190.00</subfield>
    <subfield code="l">2</subfield>
    <subfield code="m">36</subfield>
    <subfield code="o">153 HAL</subfield>
    <subfield code="p">000015583</subfield>
    <subfield code="r">2026-02-23 00:00:00</subfield>
    <subfield code="s">2025-03-13</subfield>
    <subfield code="v">237.50</subfield>
    <subfield code="y">BB</subfield>
  </datafield>
  <datafield tag="952" ind1=" " ind2=" ">
    <subfield code="0">0</subfield>
    <subfield code="1">0</subfield>
    <subfield code="2">ddc</subfield>
    <subfield code="4">0</subfield>
    <subfield code="7">0</subfield>
    <subfield code="8">Baccah</subfield>
    <subfield code="a">MAIN</subfield>
    <subfield code="b">MAIN</subfield>
    <subfield code="c">LOW</subfield>
    <subfield code="d">2009-05-05</subfield>
    <subfield code="e">purchase</subfield>
    <subfield code="g">190.00</subfield>
    <subfield code="l">5</subfield>
    <subfield code="m">23</subfield>
    <subfield code="o">153 HAL</subfield>
    <subfield code="p">000015584</subfield>
    <subfield code="r">2025-07-15 00:00:00</subfield>
    <subfield code="s">2022-08-29</subfield>
    <subfield code="v">237.50</subfield>
    <subfield code="y">BB</subfield>
  </datafield>
  <datafield tag="952" ind1=" " ind2=" ">
    <subfield code="0">0</subfield>
    <subfield code="1">0</subfield>
    <subfield code="2">ddc</subfield>
    <subfield code="4">0</subfield>
    <subfield code="7">0</subfield>
    <subfield code="8">Baccah</subfield>
    <subfield code="a">MAIN</subfield>
    <subfield code="b">MAIN</subfield>
    <subfield code="c">LOW</subfield>
    <subfield code="d">2009-05-05</subfield>
    <subfield code="e">purchase</subfield>
    <subfield code="g">190.00</subfield>
    <subfield code="l">4</subfield>
    <subfield code="m">26</subfield>
    <subfield code="o">153 HAL</subfield>
    <subfield code="p">000016332</subfield>
    <subfield code="r">2025-07-15 00:00:00</subfield>
    <subfield code="s">2022-04-27</subfield>
    <subfield code="v">237.50</subfield>
    <subfield code="y">BB</subfield>
  </datafield>
</record>
